On This Day: February 26th II Quiz Stats

 Plays Quiz Updated Feb 26, 2018

Score 0/7 Timer 03:00
0 Plays Today
Question Answer Wrong Answers
This American singer-songwriter, who was known for his somber and humble demeanor, free prison concerts, and a trademark, all-black stage wardrobe, is born.
1932
Johnny Cash
91.6%
Bob Dylan
3.3%
Willie Nelson
2.7%
Merle Haggard
1.3%
At the 89th Academy Awards, this film wins for Best Picture, after ‘La La Land’ was incorrectly announced as the winner.
2017
Moonlight
84.6%
Arrival
2.5%
Fences
7.6%
Lion
2.9%
Adolf Hitler orders the Luftwaffe to be re-formed, violating the provisions of this treaty.
1935
Treaty of Versailles
80.7%
Treaty of Paris
15.4%
Treaty of Trianon
1%
Treaty of Sèvres
1.4%
The Berlin Conference, which sought to regulate European colonization and trade in ______ during the New Imperialism period, ends.
1885
Africa
71.2%
Asia
16.3%
South America
7.7%
Oceania
4.6%
This talk-show host is found not guilty in a widely publicized beef defamation trial brought on by Texas cattlemen.
1998
Oprah Winfrey
47.5%
David Letterman
18.9%
Larry King
23.5%
Jenny Jones
7.9%
President Calvin Coolidge signs an executive order establishing the 96,000 acre ______ National Park in Wyoming.
1929
Grand Teton
41%
Yosemite
50.8%
Bryce Canyon
5.3%
Denali
2.2%
In the February 26 Incident, young ______ military officers attempt to stage a coup, with the goal of purging the government and military leadership of their factional rivals and ideological opponents.
1936
Japanese
37.8%
Chinese
36.1%
Vietnamese
13.2%
Cambodian
10.9%

You're not logged in!

Compare scores with friends on all Sporcle quizzes.
OR
Log In

Show Comments

Extras

Top Quizzes Today


Score Distribution

Your Account Isn't Verified!

In order to create a playlist on Sporcle, you need to verify the email address you used during registration. Go to your Sporcle Settings to finish the process.

Report this User

Report this user for behavior that violates our Community Guidelines.

Details: